000 00336nam a2200121Ia 4500
008 230724s2010 xx und d
020 _a9783836520102
041 _aeng
100 _aSMITH A.C. AND SMITH S.
245 _aDEVELOPING YOUR DESIGN PROCESS, SIX KEY CONCEPTS FOR STUDIO.
260 _bROUTLEDGE ,USA
_c2010
300 _a397
999 _c1175295
_d1175295